[Event "San Francisco TNM Winter op"]
[Site "San Francisco"]
[Date "2014.02.25"]
[Round "8"]
[White "Lkhagvasuren, Zolboo"]
[Black "Todortsev, Victor"]
[Result "1-0"]
[WhiteElo "1707"]
[BlackElo "1951"]
[PlyCount "91"]
[EventDate "2014.01.07"]
[EventType "swiss"]
[EventRounds "8"]
[EventCountry "USA"]
[SourceTitle "EXT 2016"]
[Source "ChessBase"]
[SourceDate "2015.10.08"]
[SourceVersion "1"]
[SourceVersionDate "2015.10.08"]
[SourceQuality "1"]

1. e4 c5 2. Nf3 Nc6 3. d4 cxd4 4. Nxd4 Nf6 5. Nc3 d6 6. Bg5 g6 7. Be2 Bg7 8. 0-0 0-0 9. Nxc6 bxc6 10. f4 Qc7 11. Kh1 Rb8 12. Rb1 e6 13. Bd3 Ne8 14. Qe1 f6 15. Bh4 f5 16. Rf3 Nf6 17. b3 Qa5 18. exf5 exf5 19. Qe7 d5 20. Na4 Qd8 21. Qxa7 Qd6 22. Bf2 Re8 23. Bc5 Qd7 24. Qxb8 Ne4 25. Bxe4 fxe4 26. Rff1 Ba6 27. Qb4 Bxf1 28. Rxf1 d4 29. Nb6 Qd8 30. Re1 e3 31. Qc4+ Kh8 32. a4 Qf6 33. g3 Qf5 34. Kg1 Qe4 35. Qd3 Qf3 36. Qe2 Qe4 37. a5 g5 38. Qd3 Qf3 39. Rf1 Qg4 40. Bxd4 e2 41. Bxg7+ Kxg7 42. Re1 gxf4 43. Qd7+ Qxd7 44. Nxd7 Rd8 45. Nc5 Rd2 46. c4 1-0

[Event "San Francisco TNM Winter op"]
[Site "San Francisco"]
[Date "2014.02.18"]
[Round "7"]
[White "Todortsev, Victor"]
[Black "Ostrovsky, Sergey"]
[Result "0-1"]
[WhiteElo "1951"]
[BlackElo "1885"]
[PlyCount "72"]
[EventDate "2014.01.07"]
[EventType "swiss"]
[EventRounds "8"]
[EventCountry "USA"]
[SourceTitle "EXT 2016"]
[Source "ChessBase"]
[SourceDate "2015.10.08"]
[SourceVersion "1"]
[SourceVersionDate "2015.10.08"]
[SourceQuality "1"]

1. d4 Nf6 2. c4 c5 3. e3 cxd4 4. exd4 d5 5. Nc3 Nc6 6. Nf3 Bg4 7. Be3 e6 8. h3 Bxf3 9. Qxf3 dxc4 10. Bxc4 Nxd4 11. Bxd4 Qxd4 12. Bb5+ Nd7 13. 0-0 0-0-0 14. Qxf7 Qf6 15. Bxd7+ Rxd7 16. Qe8+ Rd8 17. Qa4 Kb8 18. Rac1 a6 19. Rfd1 Be7 20. Qb3 Rhf8 21. Ne4 Qf5 22. f3 h5 23. Qc3 Rxd1+ 24. Rxd1 e5 25. Rd5 Re8 26. Rxe5 Qd7 27. Rxh5 Qd1+ 28. Kh2 Bd8 29. Rc5 Bb6 30. Rc4 Re7 31. Qc2 Qe1 32. Qc1 Qa5 33. Rc8+ Ka7 34. a3 Qe5+ 35. g3 Qf5 36. Qf4 Qxc8 0-1

[Event "San Francisco TNM Fall op"]
[Site "San Francisco"]
[Date "2013.12.17"]
[Round "9"]
[White "Watson, Farid"]
[Black "Todortsev, Victor"]
[Result "0-1"]
[WhiteElo "2078"]
[BlackElo "1932"]
[PlyCount "107"]
[EventDate "2013.10.22"]
[EventType "swiss"]
[EventRounds "9"]
[EventCountry "USA"]
[SourceTitle "EXT 2016"]
[Source "ChessBase"]
[SourceDate "2015.10.08"]
[SourceVersion "1"]
[SourceVersionDate "2015.10.08"]
[SourceQuality "1"]

1. d4 d5 2. c4 e6 3. Nc3 Nf6 4. cxd5 exd5 5. e3 Bf5 6. Bd3 Bxd3 7. Qxd3 c6 8. Nge2 Bd6 9. Ng3 0-0 10. 0-0 Re8 11. Bd2 Nbd7 12. Rae1 Qc7 13. f4 Re6 14. e4 dxe4 15. Ngxe4 Rae8 16. g3 Bf8 17. Kg2 Qb6 18. b3 Bb4 19. Ng5 Rxe1 20. Rxe1 Rxe1 21. Bxe1 h6 22. Nf3 Qa5 23. a4 Bxc3 24. Bxc3 Qd5 25. Bd2 Nc5 26. Qc4 Nxb3 27. Qxd5 Nxd5 28. Kf2 a5 29. Ke2 Nb6 30. Kd3 Nxa4 31. Ne5 Nxd2 32. Kxd2 Nb6 33. Kc3 Kf8 34. f5 Ke7 35. Ng4 Nd5+ 36. Kb3 f6 37. Nf2 Ne3 38. g4 Kd6 39. h3 Kd5 40. Kc3 b5 41. Nd3 Nd1+ 42. Kb3 Kxd4 43. Nf4 c5 44. Ne6+ Kd5 45. Nc7+ Kc6 46. Ne6 c4+ 47. Kc2 Ne3+ 48. Kb2 b4 49. Nxg7 a4 50. Ne6 c3+ 51. Kb1 b3 52. Kc1 Kd5 53. Nf4+ Kc4 54. Ne2 0-1

[Event "San Francisco TNM Fall op"]
[Site "San Francisco"]
[Date "2013.12.03"]
[Round "7"]
[White "Wong, Russell"]
[Black "Todortsev, Victor"]
[Result "1-0"]
[WhiteElo "2200"]
[BlackElo "1932"]
[PlyCount "79"]
[EventDate "2013.10.22"]
[EventType "swiss"]
[EventRounds "9"]
[EventCountry "USA"]
[SourceTitle "EXT 2016"]
[Source "ChessBase"]
[SourceDate "2015.10.08"]
[SourceVersion "1"]
[SourceVersionDate "2015.10.08"]
[SourceQuality "1"]

1. g3 Nf6 2. Bg2 d5 3. c4 e6 4. cxd5 exd5 5. d3 Be7 6. Nf3 0-0 7. 0-0 c6 8. Nbd2 Nbd7 9. b3 Re8 10. Bb2 Nf8 11. Qc2 Bg4 12. h3 Bh5 13. e4 Bg6 14. Nh4 Qd7 15. f4 Nh5 16. Nxg6 hxg6 17. Rf3 f5 18. Kh2 Rad8 19. e5 Ne6 20. Raf1 Rf8 21. a3 Rf7 22. b4 Rdf8 23. h4 Bd8 24. Nb3 Bb6 25. d4 Qe7 26. Nc5 Nxc5 27. bxc5 Bd8 28. Qf2 Kh7 29. Bc3 Qe6 30. Rb1 a6 31. Be1 Qc8 32. Rfb3 a5 33. Bh3 Re8 34. a4 Qa8 35. Bd2 Qc8 36. Qf3 Qd7 37. Rxb7 Qxb7 38. Rxb7 Rxb7 39. Bxf5 Rf8 40. Qxh5+ 1-0

[Event "San Francisco TNM Fall op"]
[Site "San Francisco"]
[Date "2013.11.05"]
[Round "3"]
[White "Simpkins, Jerry"]
[Black "Todortsev, Victor"]
[Result "1/2-1/2"]
[WhiteElo "1571"]
[BlackElo "1932"]
[PlyCount "86"]
[EventDate "2013.10.22"]
[EventType "swiss"]
[EventRounds "9"]
[EventCountry "USA"]
[SourceTitle "EXT 2016"]
[Source "ChessBase"]
[SourceDate "2015.10.08"]
[SourceVersion "1"]
[SourceVersionDate "2015.10.08"]
[SourceQuality "1"]

1. e4 c5 2. f4 Nc6 3. c3 d5 4. e5 d4 5. d3 e6 6. Nf3 Nge7 7. Na3 Nf5 8. g4 Nh4 9. Ng5 Be7 10. Nc4 0-0 11. Ne4 b5 12. Ncd6 f6 13. Bh3 fxe5 14. Nxc8 Rxc8 15. 0-0 c4 16. g5 Nf5 17. Qh5 Qe8 18. Qg4 cxd3 19. Nf6+ Bxf6 20. gxf6 Rxf6 21. Qf3 Qd7 22. Qxd3 Qd5 23. Bg2 Rg6 24. Rf2 e4 25. Qf1 d3 26. Kh1 Nh4 27. Be3 a5 28. Rd1 Nxg2 29. Rxg2 Ne7 30. Rxg6 Nxg6 31. Qf2 b4 32. Qd2 Nh4 33. Rc1 Nf3 34. Qf2 e5 35. fxe5 Qxe5 36. c4 Rc6 37. Qg2 Rh6 38. Bxh6 Kf7 39. Be3 g5 40. Rf1 Kg6 41. Rxf3 exf3 42. Qxf3 Qxb2 43. Qe4+ Kh6 1/2-1/2

[Event "San Francisco TNM Fall op"]
[Site "San Francisco"]
[Date "2013.10.29"]
[Round "2"]
[White "Todortsev, Victor"]
[Black "Starr, Albert Martin"]
[Result "0-1"]
[WhiteElo "1932"]
[BlackElo "1452"]
[PlyCount "138"]
[EventDate "2013.10.22"]
[EventType "swiss"]
[EventRounds "9"]
[EventCountry "USA"]
[SourceTitle "EXT 2016"]
[Source "ChessBase"]
[SourceDate "2015.10.08"]
[SourceVersion "1"]
[SourceVersionDate "2015.10.08"]
[SourceQuality "1"]

1. Nf3 b5 2. e4 b4 3. c3 Bb7 4. Bd3 c5 5. 0-0 e6 6. Bc2 d6 7. d4 Be7 8. e5 g6 9. Bf4 d5 10. a3 a5 11. axb4 axb4 12. Rxa8 Bxa8 13. Ba4+ Bc6 14. Bxc6+ Nxc6 15. Qa4 Qc8 16. Nbd2 c4 17. Qb5 b3 18. Ra1 Bd8 19. Ra7 h5 20. h4 Nge7 21. g3 0-0 22. Bh6 Nxa7 23. Qa4 Nac6 24. Bxf8 Kxf8 25. Ng5 Qc7 26. Qa1 Qa5 27. Qc1 Nf5 28. Ndf3 Kg7 29. Kg2 Bxg5 30. Qxg5 Qd8 31. Qc1 f6 32. exf6+ Qxf6 33. Qf4 Nfe7 34. Qc7 Kh6 35. Ng5 e5 36. dxe5 Nxe5 37. Qa7 Nd3 38. Qe3 Qxf2+ 39. Qxf2 Nxf2 40. Kxf2 Nf5 41. Nf3 Kg7 42. g4 hxg4 43. Nd2 Nxh4 44. Kg3 Nf5+ 45. Kxg4 Ne3+ 46. Kf4 Nd1 47. Ke5 Nxb2 48. Kxd5 Kf6 49. Ke4 g5 50. Nb1 Kg6 51. Nd2 Kh5 52. Kf3 Kh4 53. Kg2 g4 54. Nb1 Nd1 55. Nd2 b2 56. Nb1 Ne3+ 57. Kf2 Nf5 58. Kg2 g3 59. Nd2 Kg4 60. Nb1 Ne3+ 61. Kg1 Kh3 62. Nd2 Nd1 63. Nb1 Nf2 64. Nd2 Kg4 65. Kg2 Kf4 66. Nb1 Ng4 67. Nd2 Ne3+ 68. Kh3 g2 69. Kh2 Nf1+ 0-1

[Event "San Francisco Neil Falconer op"]
[Site "San Francisco"]
[Date "2013.09.10"]
[Round "6"]
[White "Whitehead, Paul A"]
[Black "Todortsev, Victor"]
[Result "1-0"]
[WhiteElo "2385"]
[BlackElo "1932"]
[PlyCount "75"]
[EventDate "2013.08.06"]
[EventType "swiss"]
[EventRounds "9"]
[EventCountry "USA"]
[SourceTitle "EXT 2016"]
[Source "ChessBase"]
[SourceDate "2015.10.08"]
[SourceVersion "1"]
[SourceVersionDate "2015.10.08"]
[SourceQuality "1"]

1. e4 c5 2. Nf3 Nc6 3. Bb5 a6 4. Bxc6 bxc6 5. d3 d6 6. Nbd2 g6 7. e5 d5 8. 0-0 Bg7 9. Re1 e6 10. Nb3 Bf8 11. Bg5 Be7 12. Bxe7 Qxe7 13. Qd2 h5 14. Qc3 Rb8 15. Nxc5 Nh6 16. Nd4 Qc7 17. h3 0-0 18. b4 Qb6 19. a3 Kg7 20. Na4 Qb7 21. Qxc6 Bd7 22. Qxb7 Rxb7 23. Nc5 Ra7 24. a4 Rb8 25. c3 Be8 26. f4 Nf5 27. Nxf5+ gxf5 28. d4 Bc6 29. Kf2 Rg8 30. Rab1 Kh6 31. Re2 h4 32. b5 axb5 33. axb5 Rb8 34. Reb2 Be8 35. b6 Ra3 36. Rb3 Ra2+ 37. R1b2 Ra1 38. b7 1-0

[Event "San Francisco TNM Summer op"]
[Site "San Francisco"]
[Date "2013.07.02"]
[Round "6"]
[White "Bayaraa, Chinguun"]
[Black "Todortsev, Victor"]
[Result "0-1"]
[WhiteElo "1651"]
[BlackElo "1916"]
[PlyCount "90"]
[EventDate "2013.05.28"]
[EventType "swiss"]
[EventRounds "8"]
[EventCountry "USA"]
[SourceTitle "EXT 2016"]
[Source "ChessBase"]
[SourceDate "2015.10.08"]
[SourceVersion "1"]
[SourceVersionDate "2015.10.08"]
[SourceQuality "1"]

1. d4 d5 2. c4 e6 3. Nc3 Nf6 4. Bg5 Be7 5. e3 0-0 6. Nf3 Nbd7 7. Rc1 c6 8. Bd3 dxc4 9. Bxc4 Nd5 10. Bxe7 Qxe7 11. 0-0 Rd8 12. e4 Nf4 13. Qd2 Ng6 14. a3 e5 15. d5 Nf4 16. Ne2 Nxe2+ 17. Qxe2 Nb6 18. dxc6 bxc6 19. Bb3 Bb7 20. Qe3 Rac8 21. Ng5 Rf8 22. f4 c5 23. f5 c4 24. Bc2 h6 25. Nh3 f6 26. Kh1 Rfd8 27. Rf3 Qc5 28. Qe2 Qd4 29. Rg3 Qd2 30. Qd1 Qxd1+ 31. Rxd1 Rxd1+ 32. Bxd1 Bxe4 33. Bg4 h5 34. Nf2 Bd3 35. Nxd3 cxd3 36. Bd1 e4 37. Bb3+ Nc4 38. Kg1 Kf8 39. Kf2 e3+ 40. Ke1 h4 41. Rh3 Na5 42. Rxe3 Nxb3 43. Rxd3 Rc1+ 44. Kf2 Rc2+ 45. Kf3 Rxb2 0-1

[Event "San Francisco TNM Spring op"]
[Site "San Francisco"]
[Date "2013.04.16"]
[Round "5"]
[White "Tsodikova, Natalia"]
[Black "Todortsev, Victor"]
[Result "1-0"]
[WhiteElo "2262"]
[BlackElo "1910"]
[PlyCount "85"]
[EventDate "2013.03.19"]
[EventType "swiss"]
[EventRounds "8"]
[EventCountry "USA"]
[SourceTitle "EXT 2016"]
[Source "ChessBase"]
[SourceDate "2015.10.08"]
[SourceVersion "1"]
[SourceVersionDate "2015.10.08"]
[SourceQuality "1"]

1. e4 e5 2. Nf3 Nc6 3. d4 exd4 4. Nxd4 d6 5. Nc3 Nf6 6. f3 Be7 7. Be3 0-0 8. Qd2 Nxd4 9. Qxd4 Be6 10. 0-0-0 a6 11. g4 b5 12. Be2 c5 13. Qd2 Qa5 14. Kb1 b4 15. Nd5 Nxd5 16. exd5 Bd7 17. Bc4 Bb5 18. Qd3 Rfe8 19. Bf4 Bxc4 20. Qxc4 Qb5 21. b3 Qb6 22. g5 a5 23. Rd2 a4 24. h4 axb3 25. cxb3 Bf8 26. h5 Ra7 27. g6 h6 28. Rg2 f6 29. Rhg1 Rae7 30. Bd2 Qa7 31. Rg4 Re2 32. R1g2 Qe7 33. Kc2 f5 34. Rxe2 Qxe2 35. Rf4 Qxc4+ 36. bxc4 Re5 37. Rh4 Be7 38. Rh2 f4 39. Kd3 Bg5 40. Re2 Rxe2 41. Kxe2 Kf8 42. Kd3 Ke7 43. Ke4 1-0

[Event "San Francisco TNM Winter op"]
[Site "San Francisco"]
[Date "2013.02.05"]
[Round "5"]
[White "Matchen, George"]
[Black "Todortsev, Victor"]
[Result "0-1"]
[WhiteElo "1668"]
[BlackElo "1910"]
[PlyCount "54"]
[EventDate "2013.01.08"]
[EventType "swiss"]
[EventRounds "8"]
[EventCountry "USA"]
[SourceTitle "EXT 2016"]
[Source "ChessBase"]
[SourceDate "2015.10.08"]
[SourceVersion "1"]
[SourceVersionDate "2015.10.08"]
[SourceQuality "1"]

1. e4 c5 2. Nf3 d6 3. d4 cxd4 4. Nxd4 Nf6 5. Nc3 Nc6 6. Be2 g6 7. Be3 Bg7 8. 0-0 0-0 9. Rb1 a6 10. h3 Qc7 11. Qd2 Bd7 12. f4 e5 13. Nf3 Rad8 14. Bd3 Bc8 15. Qf2 Rde8 16. Bb6 Qb8 17. fxe5 Nd7 18. exd6 Nxb6 19. Qxb6 Qxd6 20. Nd5 f5 21. Bc4 Kh8 22. exf5 Bxf5 23. Bb3 Be4 24. Rbd1 Bxf3 25. Rxf3 Rxf3 26. gxf3 Qg3+ 27. Kf1 Qxf3+ 0-1

[Event "San Francisco TNM Winter op"]
[Site "San Francisco"]
[Date "2013.01.08"]
[Round "1"]
[White "Frank, Robert"]
[Black "Todortsev, Victor"]
[Result "0-1"]
[WhiteElo "1264"]
[BlackElo "1910"]
[PlyCount "36"]
[EventDate "2013.01.08"]
[EventType "swiss"]
[EventRounds "8"]
[EventCountry "USA"]
[SourceTitle "EXT 2016"]
[Source "ChessBase"]
[SourceDate "2015.10.08"]
[SourceVersion "1"]
[SourceVersionDate "2015.10.08"]
[SourceQuality "1"]

1. d4 d5 2. Nf3 Nf6 3. e3 c5 4. c3 e6 5. Bd3 c4 6. Bc2 Nc6 7. Nbd2 Bd6 8. e4 dxe4 9. Nxe4 Nxe4 10. Bxe4 Qc7 11. d5 exd5 12. Bxd5 0-0 13. Bxc4 Bg4 14. h3 Bxf3 15. Qxf3 Ne5 16. Qd1 Qxc4 17. Qxd6 Nd3+ 18. Kd2 Rad8 0-1

[Event "San Francisco TNM Fall op"]
[Site "San Francisco"]
[Date "2012.11.20"]
[Round "6"]
[White "Todortsev, Victor"]
[Black "Matchen, George"]
[Result "1-0"]
[WhiteElo "1940"]
[BlackElo "1584"]
[PlyCount "59"]
[EventDate "2012.10.16"]
[EventType "swiss"]
[EventRounds "9"]
[EventCountry "USA"]
[SourceTitle "EXT 2014"]
[Source "ChessBase"]
[SourceDate "2013.11.20"]
[SourceVersion "1"]
[SourceVersionDate "2013.11.20"]
[SourceQuality "1"]

1. Nf3 d5 2. c4 d4 3. d3 Nc6 4. g3 e5 5. Bg2 Be7 6. 0-0 Nf6 7. a3 a5 8. e3 0-0 9. exd4 exd4 10. Re1 Bd6 11. b3 Ng4 12. Nbd2 f5 13. Bb2 Qf6 14. h3 Nh6 15. Re2 Bd7 16. Qf1 Nf7 17. Rae1 Bc5 18. h4 Nd6 19. Ng5 h6 20. Bd5+ Kh8 21. Ne6 Bxe6 22. Rxe6 Qd8 23. Qe2 Ne8 24. Nf3 Nf6 25. Bxc6 bxc6 26. Ne5 Kh7 27. Nxc6 Qc8 28. b4 axb4 29. axb4 Bb6 30. c5 1-0

[Event "San Francisco TNM Summer op"]
[Site "San Francisco"]
[Date "2012.06.05"]
[Round "3"]
[White "Todortsev, Victor"]
[Black "MacIntyre, Brendan"]
[Result "1-0"]
[WhiteElo "1969"]
[BlackElo "1684"]
[PlyCount "63"]
[EventDate "2012.05.22"]
[EventType "swiss"]
[EventRounds "8"]
[EventCountry "USA"]
[SourceTitle "EXT 2014"]
[Source "ChessBase"]
[SourceDate "2013.11.20"]
[SourceVersion "1"]
[SourceVersionDate "2013.11.20"]
[SourceQuality "1"]

1. d4 d5 2. c4 e6 3. Nc3 Nf6 4. Nf3 Be7 5. e3 0-0 6. Bd3 c5 7. 0-0 Nc6 8. a3 cxd4 9. exd4 dxc4 10. Bxc4 b6 11. b4 Bb7 12. Bb2 Rc8 13. Qd3 Nd5 14. Nxd5 exd5 15. Bb3 Bf6 16. Ne5 Ne7 17. f4 Ng6 18. Rae1 Qc7 19. f5 Ne7 20. b5 Bxe5 21. dxe5 Qc5+ 22. Kh1 Qc7 23. a4 Qd8 24. Rf3 Rc4 25. Rg3 Re4 26. Rf1 Nxf5 27. Rxf5 d4 28. Rf1 Bd5 29. Bxd4 Rxd4 30. Qe3 Re4 31. Qh6 g6 32. Rh3 1-0

[Event "San Francisco TNM Spring op"]
[Site "San Francisco"]
[Date "2012.03.20"]
[Round "2"]
[White "Todortsev, Victor"]
[Black "Fuentes, Romulo C"]
[Result "1/2-1/2"]
[WhiteElo "1967"]
[BlackElo "2205"]
[PlyCount "68"]
[EventDate "2012.03.13"]
[EventType "swiss"]
[EventRounds "8"]
[EventCountry "USA"]
[SourceTitle "EXT 2014"]
[Source "ChessBase"]
[SourceDate "2013.11.20"]
[SourceVersion "1"]
[SourceVersionDate "2013.11.20"]
[SourceQuality "1"]

1. d4 Nf6 2. c4 e6 3. Nc3 Bb4 4. Nf3 c5 5. e3 Bxc3+ 6. bxc3 b6 7. Bd3 Bb7 8. 0-0 Be4 9. Bxe4 Nxe4 10. Ne5 0-0 11. f3 Nf6 12. e4 cxd4 13. cxd4 d6 14. Nd3 Qc7 15. Nb2 Nc6 16. Be3 Rac8 17. Rc1 e5 18. d5 Na5 19. Qe2 Qb7 20. Bd2 Qa6 21. Bg5 Kh8 22. f4 Ng8 23. fxe5 dxe5 24. Bd2 Nb7 25. Bb4 Nc5 26. Nd3 f6 27. Rc3 Rfd8 28. Bxc5 bxc5 29. Qf2 Nh6 30. Rfc1 Qa5 31. Rb3 Nf7 32. Rb5 Qa3 33. Rb3 Qa5 34. Rb5 Qa3 1/2-1/2

[Event "San Francisco TNM Winter op"]
[Site "San Francisco"]
[Date "2012.02.14"]
[Round "7"]
[White "Traub, Igor Vladimirovich"]
[Black "Todortsev, Victor"]
[Result "1-0"]
[WhiteElo "2126"]
[BlackElo "1959"]
[PlyCount "119"]
[EventDate "2012.01.03"]
[EventType "swiss"]
[EventRounds "8"]
[EventCountry "USA"]
[SourceTitle "EXT 2014"]
[Source "ChessBase"]
[SourceDate "2013.11.20"]
[SourceVersion "1"]
[SourceVersionDate "2013.11.20"]
[SourceQuality "1"]

1. Nf3 f5 2. g3 Nf6 3. Bg2 Nc6 4. d4 e6 5. 0-0 Be7 6. c4 d5 7. b3 0-0 8. Bg5 Ne4 9. Bxe7 Qxe7 10. Qc1 Qf6 11. e3 Bd7 12. Nc3 Nxc3 13. Qxc3 Ne7 14. Ne5 Be8 15. cxd5 exd5 16. Qxc7 Bc6 17. Nd7 Qe6 18. Nxf8 Rxf8 19. a4 Rc8 20. Qa5 a6 21. Rac1 Rf8 22. b4 Qd7 23. b5 axb5 24. axb5 Bxb5 25. Rc7 Qd8 26. Qxb5 Qxc7 27. Rb1 Rd8 28. Qxb7 Rd7 29. Qa8+ Kf7 30. h4 Rd8 31. Qa3 Rc8 32. Bf3 g6 33. Kg2 Qc6 34. Qa5 Ra8 35. Qd2 Qc4 36. Rb4 Ra2 37. Rb2 Ra1 38. Be2 Qc6 39. Rc2 Qb6 40. Rb2 Qc6 41. Rb5 Qc1 42. Qxc1 Rxc1 43. Bf3 Ke6 44. Rb8 h5 45. Re8 Kd7 46. Rb8 Ke6 47. Rb6+ Nc6 48. Be2 Kf7 49. Bb5 Ne7 50. Bd7 Ra1 51. Be6+ Kg7 52. Rb5 Kf6 53. Bxd5 Nxd5 54. Rxd5 Ke6 55. Re5+ Kd6 56. Re8 Ra6 57. Kf3 Kd5 58. Kf4 Ra2 59. f3 Rg2 60. Rg8 1-0

[Event "San Francisco TNM Winter op"]
[Site "San Francisco"]
[Date "2012.01.31"]
[Round "5"]
[White "Todortsev, Victor"]
[Black "Askin, Michael"]
[Result "1-0"]
[WhiteElo "1959"]
[BlackElo "1811"]
[PlyCount "63"]
[EventDate "2012.01.03"]
[EventType "swiss"]
[EventRounds "8"]
[EventCountry "USA"]
[SourceTitle "EXT 2014"]
[Source "ChessBase"]
[SourceDate "2013.11.20"]
[SourceVersion "1"]
[SourceVersionDate "2013.11.20"]
[SourceQuality "1"]

1. d4 d5 2. c4 c6 3. Nc3 e6 4. Nf3 dxc4 5. e3 b5 6. a4 Bb4 7. Ne5 Bb7 8. Bd2 a5 9. Be2 Nf6 10. Bf3 Bxc3 11. bxc3 Nd5 12. 0-0 Nd7 13. Bxd5 exd5 14. Qg4 Nxe5 15. dxe5 Qd7 16. Qxg7 0-0-0 17. Qf6 Rhg8 18. f3 Rg6 19. Qh4 Rdg8 20. Rf2 c5 21. axb5 Qxb5 22. Qe7 R8g7 23. g3 a4 24. Bc1 Bc6 25. Ba3 f5 26. Qf8+ Kc7 27. Qxf5 Qb3 28. Bxc5 Qxc3 29. Rb1 Bd7 30. e6 Rxe6 31. Bd4 Rxe3 32. Qf4+ 1-0